[Event "Karlsruhe Grenke op"]
[Site "Karlsruhe"]
[Date "2024.03.30"]
[Round "5"]
[White "Mirimanian, Hayk"]
[Black "Peyrer, Konstantin"]
[Result "0-1"]
[WhiteElo "2283"]
[BlackElo "2434"]
[PlyCount "90"]
[EventDate "2024.03.28"]
[EventType "swiss"]
[EventRounds "9"]
[EventCountry "GER"]
[SourceTitle "CB14_2024"]
[SourceDate "2024.04.01"]
[SourceVersion "1"]
[SourceVersionDate "2024.04.01"]
[SourceQuality "1"]

1. e4 c5 2. Nf3 d6 3. Bb5+ Nd7 4. 0-0 a6 5. Bxd7+ Bxd7 6. c3 Nf6 7. Re1 Bc6 8. d4 Bxe4 9. Bg5 Bc6 10. Bxf6 gxf6 11. d5 Bd7 12. Nh4 Rg8 13. Qf3 Bg4 14. Qf4 e5 15. dxe6 Bxe6 16. c4 Qd7 17. Nc3 0-0-0 18. f3 f5 19. Nd5 Bxd5 20. cxd5 Bg7 21. Re2 Rge8 22. Rae1 Bxb2 23. Nxf5 Be5 24. Qg5 Kb8 25. f4 Bc3 26. Rxe8 Rxe8 27. Rxe8+ Qxe8 28. h4 c4 29. Nxd6 Qf8 30. Ne4 Bd4+ 31. Kh2 f5 32. Ng3 c3 33. d6 Qxd6 34. Qxf5 Be3 35. Qxh7 Qxf4 36. Kh3 Bd4 37. Qg8+ Ka7 38. Qc4 Qd2 39. Ne2 c2 40. g4 Qe3+ 41. Kg2 Qe4+ 42. Kh3 c1Q 43. Nxc1 Qf3+ 44. Kh2 Qf2+ 45. Kh3 Be5 0-1

[Event "Titled Tuesday intern op 12th Mar Early"]
[Site "Chess.com INT"]
[Date "2024.03.12"]
[Round "7"]
[White "Peyrer, Konstantin"]
[Black "Sethuraman, Sandeep"]
[Result "1-0"]
[WhiteElo "2434"]
[BlackElo "2381"]
[PlyCount "93"]
[EventDate "2024.03.12"]
[EventType "swiss (blitz)"]
[EventRounds "11"]
[EventCountry "USA"]
[SourceTitle "CB12_2024"]
[SourceDate "2023.10.01"]
[SourceVersion "1"]
[SourceVersionDate "2023.10.01"]
[SourceQuality "1"]

1. d4 d6 2. Nf3 g6 3. g3 Bg7 4. Bg2 Nf6 5. 0-0 0-0 6. c4 Nc6 7. Nc3 a6 8. b3 e5 9. dxe5 dxe5 10. Bg5 Be6 11. Nd5 Bxd5 12. Bxf6 Bxf6 13. cxd5 Nd4 14. Nd2 Bg7 15. Rc1 Re8 16. e3 Nb5 17. Qc2 Rc8 18. Nc4 Nd6 19. Bh3 f5 20. Qe2 e4 21. Rfd1 Qd7 22. Qc2 Red8 23. a4 Kh8 24. Bf1 h5 25. h4 Kh7 26. Be2 Nxc4 27. bxc4 b6 28. c5 bxc5 29. Bxa6 Rb8 30. Bb5 Qd6 31. Qxc5 Qxc5 32. Rxc5 Rb7 33. Rdc1 Be5 34. Rc6 Bd6 35. Kg2 Ra8 36. R1c4 Kg7 37. f3 exf3+ 38. Kxf3 Kf6 39. e4 fxe4+ 40. Rxe4 Kg7 41. Re6 Rf8+ 42. Kg2 Rf6 43. Rc2 Ra7 44. Rf2 Rxe6 45. dxe6 Kg8 46. Rf7 Bc5 47. e7 1-0

[Event "Mitropa Cup"]
[Site "Apolda"]
[Date "2024.02.22"]
[Round "8.6"]
[White "Peyrer, Konstantin"]
[Black "Turcan, Richard"]
[Result "1/2-1/2"]
[WhiteElo "2437"]
[BlackElo "2396"]
[PlyCount "130"]
[EventDate "2024.02.15"]
[EventType "team-tourn"]
[EventRounds "9"]
[EventCountry "GER"]
[SourceTitle "CB09_2024"]
[SourceDate "2024.02.28"]
[SourceVersion "1"]
[SourceVersionDate "2024.02.28"]
[SourceQuality "1"]
[WhiteTeam "Austria"]
[BlackTeam "Slovakia"]
[WhiteTeamCountry "AUT"]
[BlackTeamCountry "SVK"]

1. d4 d5 2. Nf3 Nf6 3. c4 c6 4. e3 e6 5. Nc3 Nbd7 6. Qc2 Bd6 7. Bd3 dxc4 8. Bxc4 b5 9. Be2 0-0 10. 0-0 Bb7 11. Bd2 a6 12. e4 e5 13. Rad1 Qc7 14. Kh1 exd4 15. Nxd4 b4 16. Nf5 bxc3 17. Bh6 Ne8 18. Nxd6 gxh6 19. Nf5 Ng7 20. Nxh6+ Kh8 21. Qxc3 Rad8 22. f4 c5 23. Bc4 Bxe4 24. Nxf7+ Rxf7 25. Bxf7 Qc6 26. Rf2 Rf8 27. Bc4 Nf6 28. Rfd2 Nf5 29. Bd5 Bxd5 30. Rxd5 Ne3 31. Qxe3 Nxd5 32. Qe5+ Nf6 33. Rd6 Qe4 34. h3 Qxe5 35. fxe5 Ne4 36. Rxa6 Re8 37. b4 cxb4 38. Rb6 Nf2+ 39. Kh2 Nd3 40. e6 Kg7 41. a3 bxa3 42. Ra6 a2 43. Rxa2 Rxe6 44. Ra3 Re3 45. Ra7+ Kg6 46. Ra3 h5 47. Ra6+ Kg5 48. Ra3 h4 49. Rc3 Rg3 50. Ra3 Kf5 51. Ra5+ Ne5 52. Ra4 Kg5 53. Ra5 Re3 54. Ra4 Re2 55. Kg1 Rc2 56. Re4 Rc5 57. Kf2 Rc2+ 58. Kf1 Nc4 59. Kg1 Nd2 60. Rd4 Ra2 61. Rb4 Ra3 62. Rd4 Nb1 63. Rd5+ Kg6 64. Rd4 Kg5 65. Rd5+ Kg6 1/2-1/2

[Event "Wch U20 Blitz"]
[Site "Pula"]
[Date "2023.10.14"]
[Round "3"]
[White "Alexakis, Dimitris"]
[Black "Peyrer, Konstantin"]
[Result "1-0"]
[WhiteElo "2458"]
[BlackElo "2442"]
[PlyCount "49"]
[EventDate "2023.10.14"]
[EventType "swiss (blitz)"]
[EventRounds "11"]
[EventCountry "ITA"]
[SourceTitle "Mega2024 Update 01"]
[Source "Chessbase"]
[SourceDate "2023.11.12"]
[SourceVersion "1"]
[SourceVersionDate "2023.11.12"]
[SourceQuality "1"]

1. e4 c6 2. Nc3 d5 3. Nf3 g6 4. d4 Bg7 5. h3 Nf6 6. e5 Ne4 7. Bd3 c5 8. Nxe4 dxe4 9. Bxe4 cxd4 10. 0-0 Nd7 11. Re1 0-0 12. Bf4 f6 13. Bd5+ Kh8 14. e6 Nb6 15. Bb3 a5 16. a4 Nd5 17. Bg3 f5 18. Be5 Bxe5 19. Nxe5 Kg7 20. Qxd4 Nf6 21. Qc3 Ra6 22. Rad1 Rd6 23. Rd3 Ne4 24. Rxe4 fxe4 25. Nf7+ 1-0

[Event "Wch U20 Rapid"]
[Site "Pula"]
[Date "2023.10.11"]
[Round "5"]
[White "Sadhwani, Raunak"]
[Black "Peyrer, Konstantin"]
[Result "0-1"]
[WhiteElo "2641"]
[BlackElo "2442"]
[PlyCount "72"]
[EventDate "2023.10.10"]
[EventType "swiss (rapid)"]
[EventRounds "11"]
[EventCountry "ITA"]
[SourceTitle "Mega2024 Update 01"]
[Source "Chessbase"]
[SourceDate "2023.11.12"]
[SourceVersion "1"]
[SourceVersionDate "2023.11.12"]
[SourceQuality "1"]

1. d4 Nf6 2. c4 e6 3. Nf3 d5 4. g3 Bb4+ 5. Bd2 Be7 6. Bg2 0-0 7. 0-0 c6 8. Qc2 Nbd7 9. Rd1 Ne4 10. Bf4 g5 11. Bc1 f5 12. Nc3 Bf6 13. b3 Qe7 14. a4 Qg7 15. e3 a5 16. Ba3 Rf7 17. b4 Nb6 18. cxd5 exd5 19. bxa5 Nc4 20. Bb4 Nxc3 21. Bxc3 f4 22. exf4 gxf4 23. Re1 Bg4 24. Ne5 Bxe5 25. dxe5 Be6 26. Bb4 h5 27. Kh1 Kh8 28. gxf4 Rxf4 29. Rg1 Qf7 30. a6 bxa6 31. Qc1 Rg8 32. Be7 Nxe5 33. Bd6 Qf6 34. Ra2 Rf5 35. Bxe5 Rxe5 36. Qxc6 Rxg2 0-1

[Event "Prague op"]
[Site "Prague"]
[Date "2023.06.30"]
[Round "9"]
[White "Peyrer, Konstantin"]
[Black "Pasti, Aron"]
[Result "1-0"]
[WhiteElo "2411"]
[BlackElo "2335"]
[PlyCount "99"]
[EventDate "2023.06.22"]
[EventType "swiss"]
[EventRounds "9"]
[EventCountry "CZE"]
[SourceTitle "CBM 215 Extra"]
[Source "ChessBase"]
[SourceDate "2023.09.30"]
[SourceVersion "1"]
[SourceVersionDate "2023.09.30"]
[SourceQuality "1"]

1. d4 Nf6 2. c4 e6 3. Nf3 Bb4+ 4. Nc3 b6 5. Qc2 c5 6. a3 Ba5 7. e4 d5 8. cxd5 exd5 9. e5 Ne4 10. Bd3 Nxc3 11. bxc3 cxd4 12. Nxd4 Qc7 13. Bd2 Nc6 14. f4 Nxd4 15. cxd4 Qxc2 16. Bxc2 Bxd2+ 17. Kxd2 Ba6 18. Bb3 Ke7 19. Rac1 Rac8 20. Ke3 Rhd8 21. h4 f5 22. Ba2 Ke6 23. h5 Rxc1 24. Rxc1 Rc8 25. Rxc8 Bxc8 26. Kf3 Bd7 27. g4 g6 28. Kg3 Bb5 29. Bb1 Be2 30. gxf5+ gxf5 31. h6 b5 32. Kh4 Bf3 33. Bd3 a6 34. Kg5 Be4 35. Be2 Ke7 36. Bh5 a5 37. Bg6 b4 38. axb4 axb4 39. Bxh7 b3 40. Bg6 b2 41. h7 b1Q 42. h8Q Qg1+ 43. Kh6 Qh2+ 44. Kg7 Qxh8+ 45. Kxh8 Bd3 46. Kg7 Be4 47. Bf7 Bf3 48. Bg8 Bh1 49. Kg6 Be4 50. Kg5 1-0

[Event "Prague op"]
[Site "Prague"]
[Date "2023.06.27"]
[Round "6"]
[White "Peyrer, Konstantin"]
[Black "Plat, Vojtech"]
[Result "0-1"]
[WhiteElo "2411"]
[BlackElo "2516"]
[PlyCount "90"]
[EventDate "2023.06.22"]
[EventType "swiss"]
[EventRounds "9"]
[EventCountry "CZE"]
[SourceTitle "CBM 215 Extra"]
[Source "ChessBase"]
[SourceDate "2023.09.30"]
[SourceVersion "1"]
[SourceVersionDate "2023.09.30"]
[SourceQuality "1"]

1. e4 c5 2. Nf3 g6 3. d4 cxd4 4. Nxd4 Bg7 5. c4 Nc6 6. Be3 Nf6 7. Nc3 d6 8. Be2 0-0 9. 0-0 Nxd4 10. Bxd4 Bd7 11. Rc1 Bc6 12. f3 Nd7 13. Be3 a5 14. b3 Nc5 15. Qd2 Qb6 16. Rfd1 Rfc8 17. Nd5 Bxd5 18. cxd5 Qb4 19. Rc4 Qxd2 20. Rxd2 a4 21. bxa4 Nxa4 22. Kf1 Nb2 23. Rcc2 Rxc2 24. Rxc2 h5 25. Bg5 Kf8 26. Rc7 f6 27. Be3 Rxa2 28. Rc8+ Kf7 29. Bb5 Bf8 30. Be8+ Kg7 31. Bxg6 Kxg6 32. Rxf8 Nc4 33. Bf4 b5 34. Rg8+ Kf7 35. Rb8 Rb2 36. h4 b4 37. g4 hxg4 38. h5 Nd2+ 39. Bxd2 Rxd2 40. h6 Kg6 41. h7 Kxh7 42. Rxb4 gxf3 43. Rb7 Kg6 44. Rxe7 Kg5 45. Re6 Kf4 0-1